| 000 | 00657nam a22001217a 4500 | ||
|---|---|---|---|
| 008 | 110909t ag ||||| |||| 00| 0 spa d | ||
| 100 |
_aBuschiazzo, Héctor Omar _91560 |
||
| 245 |
_aMódulo de Farmacología _cHéctor Omar Buschiazzo |
||
| 260 |
_bUniversidad Nacional del Comahue, Facultad de ciencias Médicas _c2000 |
||
| 999 |
_c947 _d947 |
||
| 952 |
_w2011-09-09 _pTR034 _r2011-09-09 _40 _00 _92565 _bBFM _10 _d2011-09-09 _tCopia _zFotocopia _70 _cCR _2ddc _s2011-09-09 _l3 _aBFM |
||
| 952 |
_zFotocopia _w2011-09-09 _pTR035 _70 _r2011-09-09 _cCR _2ddc _40 _00 _92566 _bBFM _10 _d2011-09-09 _aBFM _tCopia |
||
| 952 |
_zFotocopia _w2011-09-09 _pTR036 _70 _r2011-09-09 _cCR _2ddc _40 _00 _92567 _bBFM _10 _d2011-09-09 _aBFM _tCopia |
||